| 000 | 00337cam a22001217a 4500 | ||
|---|---|---|---|
| 008 | 180718b1974 xxu||||| |||| 00| 0 eng d | ||
| 082 | _aC4 G959 | ||
| 100 | _aGupta, B.B. | ||
| 245 |
_aComparative study of six living constitutions _cby B.B. Gupta |
||
| 260 |
_aNew Delhi _bSterling _c1974 |
||
| 300 | _a459p. | ||
| 650 | _aConstitutional law | ||
| 999 |
_c345216 _d345216 |
||